LEADER 01766nam 2200373 450 001 996574867903316 005 20231211115044.0 010 $a1-5044-6456-7 024 7 $a10.1109/IEEESTD.2020.9062658 035 $a(CKB)5280000000208114 035 $a(NjHacI)995280000000208114 035 $a(EXLCZ)995280000000208114 100 $a20231211d2020 uy 0 101 0 $aeng 135 $aur||||||||||| 181 $ctxt$2rdacontent 182 $cc$2rdamedia 183 $acr$2rdacarrier 200 10$a1680.1a-2020 - IEEE Standard for Environmental and Social Responsibility Assessment of Computers and Displays--Amendment 1 $eEditorial and Technical Corrections and Clarifications /$fInstitute of Electrical and Electronics Engineers 210 1$aNew York, New York :$cIEEE,$d2020. 215 $a1 online resource (65 pages) 330 $aIEEE Std 1680.1 was published in March 2018 with a number of editorial and technical errors. This amendment addresses, and is limited to, editorial and technical corrections and clarifications in IEEE Std 1680.1-2018. This amendment does not include deletion of any criteria, addition of any criteria, or any substantive revisions to criteria. 517 $a1680.1a-2020 - IEEE Standard for Environmental and Social Responsibility Assessment of Computers and Displays--Amendment 1 606 $aPocket computers 606 $aMicrocomputers$xStandards 615 0$aPocket computers. 615 0$aMicrocomputers$xStandards. 676 $a004.16 801 0$bNjHacI 801 1$bNjHacl 906 $aDOCUMENT 912 $a996574867903316 996 $a1680.1a-2020 - IEEE Standard for Environmental and Social Responsibility Assessment of Computers and Displays--Amendment 1$93654171 997 $aUNISA LEADER 01412nam0 22003373i 450 001 RAV0135770 005 20251003044325.0 020 $aIT$b759052 100 $a19910327d1975 ||||0itac50 ba 101 | $aita 102 $ait 181 1$6z01$ai $bxxxe 182 1$6z01$an 200 1 $aˆLa ‰democrazia nel sindacato$fGuido Romagnoli ... [et al.]$gintroduzione di Sandro Antoniazzi 210 $aMilano$cMazzotta$d[1975] 215 $a133 p.$d20 cm. 225 | $aNuova informazione$v28 410 0$1001CFI0006699$12001 $aNuova informazione$v28 676 $a331.873$9$v20 676 $a331.88$9SINDACATI$v21 676 $a331.880945$9SINDACATI. Italia$v20 702 1$aAntoniazzi$b, Sandro$3CFIV011711 702 1$aRomagnoli$b, Guido$3RAVV055803 801 3$aIT$bIT-000000$c19910327 850 $aIT-BN0095 $aIT-AV0003 901 $bNAP 01$cPOZZO LIB.$nVi sono collocati fondi di economia, periodici di ingegneria e scienze, periodici di economia e statistica e altri fondi comprendenti documenti di economia pervenuti in dono. 912 $aRAV0135770 950 0$aBiblioteca Centralizzata di Ateneo$c1 v.$d 01POZZO LIB.F. SANTI 300$e 0101 0060033475E VMA 1 v. (Precedente collocazione S 481)$fB $h20221110$i20221110 977 $a 01$a AR 996 $aDEMOCRAZIA nel sindacato$9630761 997 $aUNISANNIO